| 000 | 03584cas a2200817 a 4500 | ||
|---|---|---|---|
| 001 | 19025305 | ||
| 003 | OSt | ||
| 005 | 20230605112553.0 | ||
| 006 | m o d | ||
| 007 | cr mnu|||||||| | ||
| 007 | cr bn||||||abp | ||
| 007 | cr bn||||||ada | ||
| 008 | 160322c19649999enkmx pso 0 a0eng c | ||
| 010 | _a 2012236852 | ||
| 015 |
_aGBA605158 _2bnb |
||
| 016 | 7 |
_a9878847 _2DNLM |
|
| 016 | 7 |
_aJ18924000 _2DNLM |
|
| 016 | 7 |
_a013357566 _2Uk |
|
| 016 | 7 |
_a9878847 _2dnlm |
|
| 016 | 7 |
_aJ18924000 _2dnlm |
|
| 022 |
_a1743-9140 _l0022-0388 _y0022-0388 _21 |
||
| 024 | 7 |
_aHC10 _2LC class |
|
| 035 | _a(OCoLC)ocm39082382 | ||
| 040 |
_aFGA _beng _cFGA _dOCL _dOCLCQ _dHNK _dMUQ _dOCLCQ _dEEM _dCUD _dCLU _dOCLCQ _dAUD _dOCLCE _dMUX _dQE2 _dHTM _dCNTRU _dOCL _dNOC _dOCLCO _dOCLCQ _dOCLCF _dOCLCO _dOCLCQ _dVT2 _dZAC _dRCE _dNLE _dDLC _dU3W _dOCLCQ _dUUM _dOCLCQ _dAU@ _dOCLCQ _dHUL _dOCLCQ _dWYU _dUKMGB _dREC _dUEJ _dOCLCO _dCUI _dOCLCQ |
||
| 042 |
_adlr _apcc |
||
| 043 | _ad------ | ||
| 050 | 0 | 0 | _aHC10 |
| 070 | 0 |
_aHC10 _bJ6 |
|
| 082 | 0 | 4 |
_a332.15 _bJDS |
| 130 | 0 | _aJournal of development studies (Online) | |
| 222 | 0 |
_aJournal of development studies _b(Online) |
|
| 245 | 1 | 4 | _aThe journal of development studies. |
| 246 | 1 |
_iAlso known as: _aJDS |
|
| 260 |
_31964- : _aLondon : _bF. Cass |
||
| 260 | 3 |
_3May 2005- : _aAbingdon, Oxfordshire : _bRoutledge/Taylor & Francis |
|
| 310 |
_aTwelve issues per year, _b2011- |
||
| 321 |
_aTen issues per year, _b2008-2010 |
||
| 321 |
_aEight issues per year, _b2005-2007 |
||
| 321 |
_aSix issues per year, _b1995-2004 |
||
| 321 |
_aFour issues per year, _b1964-1994 |
||
| 336 |
_atext _btxt _2rdacontent |
||
| 337 |
_acomputer _bc _2rdamedia |
||
| 338 |
_aonline resource _bcr _2rdacarrier |
||
| 362 | 1 | _aPrint began in 1964. | |
| 506 |
_3Use copy _fRestrictions unspecified _2star _5MiAaHDL |
||
| 533 |
_aElectronic reproduction. _b[Place of publication not identified] : _cHathiTrust Digital Library, _d2010. _5MiAaHDL |
||
| 538 |
_aMaster and use copy. Digital master created according to Benchmark for Faithful Digital Reproductions of Monographs and Serials, Version 1. Digital Library Federation, December 2002. _uhttp://purl.oclc.org/DLF/benchrepro0212 _5MiAaHDL |
||
| 583 | 1 |
_adigitized _c2010 _hHathiTrust Digital Library _lcommitted to preserve _2pda _5MiAaHDL |
|
| 588 | 0 | _aVol. 31, issue 3 (Feb. 1995); title from available issues screen (viewed May 5, 1998). | |
| 588 | 1 | _aVol. 54 issue 1 (2018) (Taylor & Francis Online; viewed Jan. 17, 2018). | |
| 648 | 7 |
_aSince 1945 _2fast |
|
| 650 | 0 |
_aEconomic development _vPeriodicals. |
|
| 650 | 0 |
_aEconomic history _y1945- _vPeriodicals. |
|
| 650 | 6 |
_aDéveloppement économique _vPériodiques. |
|
| 650 | 6 |
_aHistoire économique _y1945- _vPériodiques. |
|
| 650 | 7 |
_aEconomic development. _2fast _0(OCoLC)fst00901785 |
|
| 650 | 7 |
_aEconomic history. _2fast _0(OCoLC)fst00901974 |
|
| 650 | 1 | 7 |
_aOntwikkelingseconomie. _2gtt |
| 650 | 1 | 7 |
_aEconomische sociologie. _2gtt |
| 650 | 1 | 7 |
_aDEVELOPMENT. _2unbist |
| 651 | 0 |
_aDeveloping countries _xEconomic conditions _vPeriodicals. |
|
| 651 | 6 |
_aPays en voie de développement _xConditions économiques _vPériodiques. |
|
| 651 | 7 |
_aDeveloping countries. _2fast _0(OCoLC)fst01242969 |
|
| 653 | 0 |
_aEconomics _aPolitical science _aRegional focus/area studies |
|
| 655 | 7 |
_aPeriodicals. _2fast _0(OCoLC)fst01411641 |
|
| 776 | 0 | 8 |
_iPrint version: _tJournal of development studies _x0022-0388 _w(DLC) 65009865 _w(OCoLC)1754536 |
| 906 |
_a7 _bcbc _csercoop _d2 _encip _f20 _gn-oclcserc |
||
| 942 |
_2ddc _cBK |
||
| 999 |
_c313 _d313 |
||